El convenio entre la Santa Sede y España sobre universidades de estudios civiles
Saved in:
| Hovedforfatter: | |
|---|---|
| Format: | Bog |
| Sprog: | spansk |
| Udgivet: |
Pamplona
Universidad de Navarra
1966
|
| Fag: | |
| Tags: |
Tilføj Tag
Ingen Tags, Vær først til at tagge denne postø!
|
MARC
| LEADER | 00000nam a2200000 a 4500 | ||
|---|---|---|---|
| 001 | UCX2397 | ||
| 003 | CL-VaPUC | ||
| 008 | 910510e19660000SP |||||||||||||||||spa|d | ||
| 082 | 0 | 4 | |a 378.1 |b FUE |2 21 |
| 100 | 0 | |a Fuenmayor, Amadeo de |e author |9 318323 | |
| 245 | 1 | 3 | |a El convenio entre la Santa Sede y España sobre universidades de estudios civiles |
| 300 | |a 310 p | ||
| 942 | |c BK | ||
| 945 | |d 19910510 00:00:00 | ||
| 260 | |a Pamplona |b Universidad de Navarra |c 1966 | ||
| 650 | 0 | |a Universidades |9 256317 | |
| 651 | 0 | |a España |9 254926 | |
| 583 | |a last modification |c 19910510 00:00:00 |k Rodrigo Vera | ||
| 999 | |c 223429 |d 223427 | ||
| 952 | |0 0 |1 0 |4 0 |6 378_100000000000000_FUE_1966 |7 0 |8 A |9 219205 |a BIBTEO |b BIBTEO |d 2019-11-15 |i 2879697 |o 378.1 FUE 1966 |p 2879697 |r 2025-01-17 |w 2019-11-15 |y BK |k ICR | ||